Geboren in Basel - Statistiken

Allgemein
  • Dieses Quiz wurde 74 mal gespielt
    3 seit der letzten Aktualisierung
  • Das Durchschnittsergebnis liegt bei 6 aus 19
Antwortstatistiken
Hinweis Antwort % Korrekt
Tennisstar und zwanzigmaliger Grand Slam Sieger 1981 Roger Federer
100%
früherer Fußballnationalspieler, (Basel, Stade Rennes und Borussia Dortmund) 1979 Alexander Frei
67%
Fußballnationalspieler, Fortuna Düsseldorf 1996 Cedric Itten
67%
früherer Fußballernationalspieler, (Galatasaray, Leverkusen, Basel) 1988 Eren Derdiyok
67%
Fußballnationalspieler, AFC Sunderland (früher Arsenal, Leverkusen und Mönchengladbach) 1992 Granit Xhaka
67%
Mathematiker und Namensgeber von zwei mathematischen Konstanten 1707 Leonhard Euler
67%
Fußballnationalspieler, FC Valencia 1998 Eray Cömert
33%
früherer Fußballnationalspieler (Basel, Young Boys, Luzern) 1977 Hakan Yakin
33%
früherer Fußballnationalspieler, (Basel, Stuttgart) 1981 Marco Streller
33%
Fußballnationaltrainer der Schweiz und früherer Nationalspieler (Grasshopper, Basel, Stuttgart und Fenerbahce) 1974 Murat Yakin
33%
erster Rapper, der auf Schweizerdeutsch rappte 1972 Black Tiger
0%
Regisseur, "Die Känguru Chroniken" "Alles Zucker" 1957 Dani Levy
0%
Architekt und Mitgründer eines international bekannten Architekturbüro (Elbphilharmonie, Allianz Arena, Roche-Turm und Nationalstadion in Peking) 1950 Jacques Herzog
0%
Physiknobelpreisträger für die Entdeckung von Supraleitung in keramischen Materialien 1927 Karl Alexander Müller
0%
Fußballnationalspielerin, Bayer Leverkusen 1999 Lara Marti
0%
serbischer Fußballnationalspieler, Werder Bremen 1995 Milos Veljkovic
0%
Mitglied des Bundesrates von 1984 bis 1995 1927 Otto Stich
0%
Architekt und Mitgründer eines international bekannten Architekturbüro (Elbphilharmonie, Allianz Arena, Roche-Turm und Nationalstadion in Peking) 1950 Pierre de Meuron
0%
Filmregisseur, "September 5" "Tides" 1982 Tim Fehlbaum
0%
Keine übereinstimmenden Quizze gefunden
Verteilung der Resultate
Anzahl Personen mit jedem Resultat
Perzentil nach korrekt beantworteten Fragen
Ihre Resultats-Entwicklung
Sie haben dieses Quiz seit der letzten Aktualisierung nicht gespielt